LEADER 01396nam a2200325 u 4500 001 000000079497 003 CaOOAMICUS 005 20080125142819.0 008 040604s2004 it u000 u ita u 020 $a8821549895 035 $a10997907 040 $aPUL$bita 041 1 $aita$ager 100 1 $aFichte, Johann Gottlieb,$d1762-1814.$0(OLS)http://pul/name/16807 240 10$aAnweisung zum seeligen Leben oder auch der Religionslehre.$lItaliano.$0(OLS)http://pul/title/104105 245 10$aIntroduzione alla vita beata /$cJohann Gottlieb Fichte ; a cura di Guido Boffi e Franco Buzzi. 260 $aCinisello Balsamo :$bSan Paolo,$cc2004. 300 $a606 p. ;$c22 cm 490 1 $aClassici del pensiero ;$v11 500 $aContiene indici. 504 $aBibliografia in nota. 700 1 $aBuzzi, Franco.$0(OLS)http://pul/name/39108 700 1 $aBoffi, Guido.$0(OLS)http://pul/name/35927 830 0$aClassici del pensiero (Edizioni San Paolo) ;$v11.$0(OLS)http://pul/title/7793 850 $aPUL 852 $aPUL$W1$xSL Filosofia 3$y81$m193 FICJO 1$j101720$nBK-PRI$qDDC 21$B101720$CPULBib$Z2$F101720 $HPUL94349 $82 941 1 $a9 996 $6020$a8821549895$9(OLS)http://pul/number/104559 996 $6245$aIntroduzione alla vita beata$9(OLS)http://pul/title/104106 996 $6260$aCinisello Balsamo :$bSan Paolo$9(OLS)http://pul/publisher/54577 LEADER 01404nam a2200301 a 4500 001 000000123159 003 CaOOAMICUS 005 20100929150548.0 008 100929t2010 it u000 u ita r 020 $a978-88-215-6727-8 040 $aPUL$bita 082 04$a370.1 245 00$aPedagogie della parola :$bl'emergenza educativa, tra universo biblico e cultura della comunicazione /$cGiuseppe Mazza - Giacomo Perego (edd.) 260 $aCinisello Balsamo :$bSan Paolo,$cİ2010. 300 $a308 p. ;$c19 cm. 504 $aBibliografia in nota. 650 4$aPedagogia$xEducazione.$0(OLS)http://pul/subject/28128 650 4$aEducazione$xAspetti morali e religiosi$zItalia.$0(OLS)http://pul/subject/12046 700 1 $aMazza, Giuseppe.$0(OLS)http://pul/name/68335 700 1 $aPerego, Giacomo,$csac.$0(OLS)http://pul/name/70213 850 $aPUL 852 $aPUL$W1$xSL Diritto e Scienze Sociali 3$y79$m370. 1 MAZGI 1$j141590$qDDC 21$B140618$CPULBib$Z2$F140618 $H113758 $82 941 1 $a9 996 $6020$a978-88-215-6727-8$9(OLS)http://pul/number/145481 996 $6082$a370.1$9(OLS)http://pul/classification/413 996 $6245$aPedagogie della parola :$bl'emergenza educativa, tra universo biblico e cultura della comunicazione$9(OLS)http://pul/title/155212 996 $6260$aCinisello Balsamo :$bSan Paolo$9(OLS)http://pul/publisher/54577